00834nam a2200157 i 450000100060000000300090000600500170001500700030003200800410003511000450007624501020012126000590022330000220028265000370030485203350034125014ES-MaACL20250719062532.0t|021219s1885 fr |||| | fre d1 aFrancia. bMinistère de l'Intérieur.10aApplication du régime d'emprisonnement individuel en France / c[Ministère de l'Intérieur]. aParís : b[s.n.], c1885 (fImp.du Journal Officiel) a136 p. ; c25 cm. aDerecho penitenciario-zFrancia. aES-MaACLjD-68(3) cSVIbR.FOLL.1/3dOlim: 193-C-18fSello en tinta en portada: "Donativo del Sr. Lastres al Ateneo de Madrid. 1707".gAnotación manuscrita en cubierta: "Folletos Penitenciarios. Tomo 8"hDonación: Francisco Lastres y JuizxEncuadernación holandesaxEncuadernado con otras obras formando un volumen facticio.